Top 10 najmniejszych krajów w Azji - Statystyki

Ogólne statystyki
  • Ten quiz został rozwiązany 687 razy
  • Średni wynik to 7 z 10
Statystyki odpowiedzi
rozmiar
w km2
Kraj % Poprawnych
697 Singapur
86%
11,586 Katar
84%
760 Bahrajn
77%
14,874 Timor Wschodni
76%
5,765 Brunei
75%
17,818 Kuwejt
73%
298 Malediwy
65%
20,770 Izrael
64%
10,400 Liban
59%
9,251 Cypr
46%
Nie znaleziono quizów pasujących do podanych kryteriów
Rozkład punktacji
Procent ludzi z każdym wynikiem
Percentyl według liczby udzielonych odpowiedzi
Twoja historia wyników
Nie rozwiązałeś tego quizu